Marketing Téctico 1 (Record no. 7986)

MARC details
000 -LEADER
campo de control de longitud fija 00385nam a2200145Ia 4500
001 - NÚMERO DE CONTROL
campo de control 777
008 - DATOS DE LONGITUD FIJA--INFORMACIÓN GENERAL
campo de control de longitud fija 241024s9999 xx 000 0 und d
020 ## - NÚMERO INTERNACIONAL ESTÁNDAR DEL LIBRO
Número Internacional Estándar del Libro 9945-00-020-9
082 ## - NÚMERO DE LA CLASIFICACIÓN DECIMAL DEWEY
Número de clasificación RD/658.86/M664ma/7
100 ## - ENTRADA PRINCIPAL--NOMBRE DE PERSONA
Nombre de persona Ander Mimenza Aurroecochea
245 #0 - MENCIÓN DEL TÍTULO
Título Marketing Téctico 1
260 ## - PUBLICACIÓN, DISTRIBUCIÓN, ETC.
Nombre del editor, distribuidor, etc. Alianza ONG-W.K. Kellogg Foundation
Fecha de publicación, distribución, etc. 2004
901 ## - ELEMENTOS DE DATOS A LOCAL LDA (RLIN)
a 2/12/2010 8:53:25 a.m.

No items available.

© 2024. Todos los Derechos Reservados. Desarrollado por IDEICE